Estudio de Pre-Factibilidad para la Instalación de un Beneficio seco para la Cooperativa UCASUMAN R.L de Productos de Café

Presenta un estudio de prefactibilidad para la instalación de un beneficio seco en la carretera Sébaco Jinotega para la unión de cooperativas agropecuarias de servicios de unidad Mancotal UCASUMAN R.L, el documento consta de cuatro estudios, estudio de mercado, estudio técnico, análisis económ...

Full description

Bibliographic Details
Main Authors: González López, Cristian Vicente, Martínez Mendoza, Keyla Esmilda
Other Authors: Tutor: Morgan Espinoza, Ramon Alberto
Format: Tesis Section = Libro
Language:Undetermined
Spanish
Published: Managua UNI 2011
Subjects:
LEADER 01277nam a2200265Ia 4500
008 240830s9999 xx 000 0 und d
040 |a BIBLIOTECA-RUPAP Mon 658.404 G643 
041 |a spa 
082 |a Mon 658.404 G643 
100 1 |a González López, Cristian Vicente 
100 1 |b  Martínez Mendoza, Keyla Esmilda 
245 1 0 |a Estudio de Pre-Factibilidad para la Instalación de un Beneficio seco para la Cooperativa UCASUMAN R.L de Productos de Café 
260 |a Managua  |b UNI  |c 2011 
300 |a 266 p. :il. 
500 |a Contiene: anexos e Incluye: CD. 
502 |a Tesis (Ingeniero Industrial)- UNI, 2011. 
520 3 |a Presenta un estudio de prefactibilidad para la instalación de un beneficio seco en la carretera Sébaco Jinotega para la unión de cooperativas agropecuarias de servicios de unidad Mancotal UCASUMAN R.L, el documento consta de cuatro estudios, estudio de mercado, estudio técnico, análisis económico financiero y la evaluación de impacto ambiental. 
650 7 |a ADMINISTRACION DE PROYECTOS - BENEFICIO DE CAFE 
650 7 |b ANALISIS DE MERCADO 
650 7 |c ESTUDIO TECNICO 
650 7 |d EVALUACION DE IMPACTO AMBIENTAL 
700 1 |a Tutor:  |b Morgan Espinoza, Ramon Alberto 
942 |c BK  |2 ddc 
991 |a TESIS 
999 |c 17350